000 01971nam a22004337i 4500
999 _c8084
_d8084
001 197089
003 URS
005 20220117094907.0
008 161010b xxu||||| |||| 00| 0 eng d
010 _a 98948121
020 _a9719201819 (v. 1)
020 _a9719201827 (v. 2)
040 _aDLC
_erda
_cURSP-College Library
_dDLC
_beng
042 _alcode
043 _aa-ph
050 0 0 _aDS676
_bP19 1998
082 _a959.9
_bP19 1998
100 1 _aOrdonez, Elmer A.
111 2 _aInternational Conference on the Centennial of the 1896 Philippine Revolution
_d(1996 :
_cManila, Philippines)
245 1 4 _aThe Philippine revolution and beyond :
_bpapers from the International Conference on the Centennial of the 1896 Philippine Revolution /
_cElmer A. Ordoñez, editor ; Bernardita Reyes Churchill, Serafin D. Quiason, Samuel K. Tan, editorial consultants.
246 3 0 _aPapers from the International Conference on the Centennial of the 1896 Philippine Revolution
264 1 _aManila, Philippines :
_bPhilippine Centennial Commission [and] National Commission for Culture and the Arts,
_c1998.
300 _a2 volume ;
_c26cm
336 _atext
_btxt
_2rdacontent
337 _aunmediated
_bn
_2rdamedia
338 _avolume
_bnc
_2rdacarrier
500 _aIncludes
504 _aIncludes bibliographical references and index.
651 0 _aPhilippines
_xHistory
_yRevolution, 1896-1898
_vCongresses.
651 0 _aPhilippines
_xHistory
_yPhilippine American War, 1899-1902
_vCongresses.
700 1 _aOrdoñez, Elmer A.
710 2 _aNational Centennial Commission (Philippines).
710 2 _aNational Commission on Culture and the Arts (Philippines)
906 _a7
_bcbc
_corigode
_d2
_encip
_f19
_gy-gencatlg
942 _2ddc
_cF